Alternative Bands A-Z - Statistics

General Stats
  • This quiz has been taken 219 times
  • The average score is 11 of 25
Answer Stats
Letter Song Answer % Correct
R Creep Radiohead
95%
N Come As You Are Nirvana
93%
O Champagne Supernova Oasis
79%
B Loser Beck
73%
U Beautiful Day U2
73%
P Jeremy Pearl Jam
72%
F My Hero Foo Fighters
66%
A Man in the Box Alice in Chains
64%
H Celebrity Skin Hole
59%
G Brain Stew Green Day
58%
Q No One Knows Queens of the Stone Age
47%
S Cherub Rock The Smashing Pumpkins
45%
J Been Caught Stealing Jane's Addiction
38%
T Hunger Strike Temple of the Dog
33%
L My Own Worst Enemy Lit
32%
I Pardon Me Incubus
30%
Y Ocean Avenue Yellowcard
30%
E Santa Monica Everclear
26%
V Seether Veruca Salt
24%
M The Impression That I Get The Mighty Mighty Bosstones
22%
W One Headlight The Wallflowers
22%
C Far Behind Candlebox
18%
D Counting Blue Cars Dishwalla
14%
K Not an Addict K's Choice
9%
Z Honestly Zwan
5%
No matching quizzes found
Score Distribution
Percent of People with Each Score
Percentile by Number Answered
Your Score History
You have not taken this quiz